[Event "Open Semana Santa 2023"]
[Site "?"]
[Date "2023.04.06"]
[Round "2.33"]
[White "GM Hovhannisyan, Mher"]
[Black "WFM Abrisqueta Zudaire, Leyre"]
[Result "0-1"]
[WhiteElo "2418"]
[BlackElo "2077"]
[PlyCount "64"]

1. Nf3 d5 2. e3 Nf6 3. c4 c6 4. Nc3 g6 5. d4 Bg7 6. Be2 Nbd7 7. O-O O-O 8. cxd5
Nxd5 9. a4 N7f6 10. a5 Bf5 11. Qb3 Rb8 12. Ne5 c5 13. Bc4 e6 14. h3 h5 15. Rd1
Qe7 16. dxc5 Nxc3 17. bxc3 Ne4 18. Nf3 Nxc3 19. Re1 Ne4 20. Nd4 Qg5 21. Nf3 Qf6
22. Ra2 Nxc5 23. Qb5 Ne4 24. Bb2 Qd8 25. Bxg7 Kxg7 26. Qe5+ Qf6 27. Rb2 Rfc8
28. Bd3 Nc5 29. Bxf5 exf5 30. Rb5 Ne4 31. Reb1 Nc3 32. Qf4 Ne2+ 0-1

[Event "Open Semana Santa 2023"]
[Site "?"]
[Date "2023.04.06"]
[Round "2.34"]
[White "Castro Quijano, Eduardo"]
[Black "IM Poormosavi, Seyed Kian"]
[Result "0-1"]
[WhiteElo "2083"]
[BlackElo "2418"]
[PlyCount "52"]

1. e4 d6 2. d4 g6 3. Nc3 Bg7 4. Be3 c6 5. Qd2 Nd7 6. a4 a5 7. Bc4 Ngf6 8. f3 d5
9. Bb3 e6 10. Nge2 b6 11. exd5 exd5 12. O-O O-O 13. Bh6 Bxh6 14. Qxh6 Re8 15.
Rfe1 Nf8 16. Nf4 Ba6 17. Rxe8 Qxe8 18. Kf2 Qe7 19. Re1 Qb4 20. Nce2 Re8 21. Qh4
Kg7 22. Kg1 Ne6 23. Nxe6+ Rxe6 24. Qf2 Qd2 25. Kf1 Rxe2 26. Rxe2 Qd1+ 0-1

[Event "Open Semana Santa 2023"]
[Site "?"]
[Date "2023.04.06"]
[Round "2.35"]
[White "IM Minzer, Claudio Javier"]
[Black "Donate Moreno, Silvia"]
[Result "1/2-1/2"]
[WhiteElo "2417"]
[BlackElo "2077"]
[Annotator "Usuario"]
[PlyCount "64"]

1. Nf3 g6 2. e4 Bg7 3. d4 d6 4. c4 Nf6 5. Nc3 O-O 6. Be2 e5 7. Be3 Ng4 8. Bg5
f6 9. Bc1 Nc6 10. O-O f5 11. dxe5 Ngxe5 12. exf5 Bxf5 13. Be3 Qd7 14. Nd4 Nxd4
15. Bxd4 Kh8 16. Nd5 c6 17. Ne3 c5 18. Bc3 Nc6 19. Bxg7+ Kxg7 20. Bd3 Bxd3 21.
Qxd3 Nd4 22. Nc2 Nxc2 23. Qxc2 d5 24. cxd5 Qxd5 25. Rad1 Qc6 26. Qc3+ Kg8 27.
Qc4+ Rf7 28. Rd5 b6 29. f4 Raf8 30. g3 Qe6 31. b3 Re7 32. Rf2 Qe1+ $11 1/2-1/2

[Event "Open Semana Santa 2023"]
[Site "?"]
[Date "2023.04.06"]
[Round "2.36"]
[White "WIM Varela La Madrid, Tilsia Carolin"]
[Black "FM Trigo Urquijo, Sergio"]
[Result "0-1"]
[WhiteElo "2078"]
[BlackElo "2408"]
[PlyCount "70"]

1. e4 c6 2. d4 d5 3. Nc3 dxe4 4. Nxe4 Nf6 5. Nxf6+ exf6 6. c3 Bd6 7. Bd3 O-O 8.
Qc2 Re8+ 9. Ne2 h5 10. O-O h4 11. h3 Nd7 12. Be3 Nf8 13. c4 Bc7 14. Rfd1 g5 15.
Be4 Qd6 16. d5 Qe5 17. Bf3 cxd5 18. cxd5 Bd7 19. d6 Bxd6 20. Rxd6 Qxd6 21. Bxb7
Rab8 22. Bf3 Rxe3 23. fxe3 Qb6 24. Qb3 Qxb3 25. axb3 Rxb3 26. Rxa7 Rxb2 27. Nc3
Be6 28. Ne4 Kg7 29. Nc5 Rc2 30. Rc7 Rd2 31. Bh5 Bd5 32. e4 Ba2 33. Ra7 Ng6 34.
Bxg6 Kxg6 35. Rd7 Rc2 0-1

[Event "Open Semana Santa 2023"]
[Site "?"]
[Date "2023.04.06"]
[Round "2.37"]
[White "IM Lopez Mulet, Inigo"]
[Black "Mateu Guiu, Esteve"]
[Result "1-0"]
[WhiteElo "2403"]
[BlackElo "2071"]
[Annotator "Usuario"]
[PlyCount "63"]

1. d4 Nf6 2. c4 e6 3. g3 c5 4. d5 exd5 5. cxd5 d6 6. Nc3 g6 7. Bg2 Bg7 8. Nf3
O-O 9. O-O Re8 10. Re1 Nbd7 11. e4 Ng4 12. Nh4 Ndf6 13. Bf4 Ne5 14. Bxe5 Rxe5
15. f4 Re8 16. Nf3 Bg4 17. h3 Bxf3 18. Qxf3 Nd7 $11 19. Re2 c4 20. Rf1 b5 21.
e5 b4 22. Ne4 dxe5 23. f5 f6 24. Qg4 g5 25. h4 h6 26. hxg5 hxg5 27. d6 Rc8 28.
Qh5 Nb6 29. Nxg5 fxg5 30. f6 Rf8 31. Bd5+ Nxd5 32. f7+ 1-0

[Event "Open Semana Santa 2023"]
[Site "?"]
[Date "2023.04.06"]
[Round "2.38"]
[White "Robledo Sanchez, Carlos"]
[Black "IM Ladron De Guevara Pinto, Paolo"]
[Result "1/2-1/2"]
[WhiteElo "2077"]
[BlackElo "2403"]
[Annotator "Usuario"]
[PlyCount "54"]
[EventDate "2023.??.??"]

1. c4 e5 2. Nc3 d6 3. g3 f5 4. Bg2 Nf6 5. d3 Be7 6. Nf3 O-O 7. O-O c6 8. Rb1 a5
9. a3 Na6 10. b4 axb4 11. axb4 Nc7 12. b5 c5 13. Bb2 Ne6 14. Nd2 Qe8 15. e3 Qg6
16. f4 exf4 17. exf4 Bd8 18. Re1 Kh8 19. Nf3 Qf7 20. Kh1 Ng4 21. Qd2 Qh5 22.
Nd5 Ba5 23. Bc3 Bxc3 24. Qxc3 Ra2 25. Kg1 Nd4 26. Rb2 Rxb2 27. Qxb2 Be6 $11
1/2-1/2

[Event "Open Semana Santa 2023"]
[Site "?"]
[Date "2023.04.06"]
[Round "2.39"]
[White "IM Veiga, Jose Francisco R P N"]
[Black "Justiniano Marquez, Marco Antoni"]
[Result "1-0"]
[WhiteElo "2403"]
[BlackElo "2068"]
[PlyCount "50"]

1. e4 d5 2. Nc3 dxe4 3. Nxe4 Qd5 4. Nc3 Qa5 5. Bc4 c6 6. Nf3 Nf6 7. d4 Bg4 8.
h3 Bh5 9. g4 Bg6 10. Bd2 e6 11. Qe2 Bb4 12. Ne5 Qb6 13. O-O-O Nbd7 14. h4 Bxc3
15. Bxc3 Be4 16. Nxd7 Kxd7 17. d5 Bxd5 18. g5 Ne8 19. Rhe1 Rd8 20. Qd2 Qc5 21.
Bb3 Qb5 22. Be5 Qa6 23. c4 Ke7 24. cxd5 cxd5 25. Qb4+ Nd6 1-0

[Event "Open Semana Santa 2023"]
[Site "?"]
[Date "2023.04.06"]
[Round "2.40"]
[White "Prodhomme, Boris"]
[Black "FM Czopor, Maciej"]
[Result "1-0"]
[WhiteElo "2076"]
[BlackElo "2403"]
[PlyCount "79"]

1. d4 Nf6 2. c4 b6 3. Nc3 Bb7 4. Qc2 d5 5. cxd5 Nxd5 6. e4 Nxc3 7. bxc3 e6 8.
Bb5+ c6 9. Ba4 Nd7 10. Nf3 b5 11. Qb1 Qa5 12. Bc2 Qxc3+ 13. Bd2 Qa3 14. O-O Be7
15. Re1 Nb6 16. Bb3 O-O 17. e5 c5 18. dxc5 Qxc5 19. Rc1 Qa3 20. Rc3 Qa6 21. Ng5
Bxg5 22. Rh3 g6 23. Bxg5 b4 24. Qd1 Qb5 25. Bf6 Nd7 26. Ba4 Qd5 27. Qxd5 Bxd5
28. Bxd7 a5 29. Ba4 Rfc8 30. Bb3 Bb7 31. Ba4 Bd5 32. Rd3 Ra7 33. h4 Rac7 34.
Bb3 Bc6 35. Rad1 Re8 36. Rd8 Rc8 37. Rxc8 Rxc8 38. Rc1 Bd7 39. Rxc8+ Bxc8 40.
Bd8 1-0

[Event "Open Semana Santa 2023"]
[Site "?"]
[Date "2023.04.06"]
[Round "2.41"]
[White "CM Bazilius, Augustinas"]
[Black "IM Camacho Collados, Jose"]
[Result "1-0"]
[WhiteElo "2073"]
[BlackElo "2400"]
[PlyCount "123"]

1. d4 Nf6 2. c4 e6 3. Nf3 d5 4. g3 dxc4 5. Bg2 c5 6. Qa4+ Bd7 7. Qxc4 b5 8. Qc2
Na6 9. dxc5 Rc8 10. Be3 Bxc5 11. Bxc5 Rxc5 12. Qd1 Bc6 13. O-O Qxd1 14. Rxd1
Ke7 15. Nbd2 Bd5 16. Nd4 Bxg2 17. Kxg2 Rhc8 18. N2b3 Rd5 19. Rac1 Rc4 20. Nxb5
Rxc1 21. Rxd5 Rc2 22. Rd2 Rxd2 23. Nxd2 Nb4 24. a3 Nc6 25. Nc4 g5 26. b4 Kd7
27. Nc3 Nd5 28. Ne4 h6 29. Nc5+ Kc7 30. e4 Nb6 31. Ne3 Ne5 32. f4 gxf4 33. gxf4
Nbc4 34. Nc2 Ng6 35. Kg3 e5 36. fxe5 Ncxe5 37. Nd4 Kb6 38. Na4+ Kc7 39. Nc3 Nc4
40. a4 a6 41. b5 axb5 42. Ncxb5+ Kb6 43. Nb3 Kc6 44. Kg4 Nce5+ 45. Kh5 Kb6 46.
N5d4 Nd7 47. Kxh6 Nf6 48. Kg7 Nxe4 49. Kxf7 Nh4 50. Ke6 Nf2 51. a5+ Ka6 52. Nc6
Nd3 53. Kd5 Nf3 54. h3 Nf4+ 55. Ke4 Nxh3 56. Nc5+ Kb5 57. a6 Nd2+ 58. Kd4 Nc4
59. Na7+ Kb6 60. Nc8+ Kc7 61. a7 Nb6 62. Nxb6 1-0

[Event "Open Semana Santa 2023"]
[Site "?"]
[Date "2023.04.06"]
[Round "2.42"]
[White "GM Cifuentes Parada, Roberto"]
[Black "Pousada Garcia, Daniel"]
[Result "1-0"]
[WhiteElo "2396"]
[BlackElo "2061"]
[PlyCount "69"]

1. d4 Nf6 2. Nf3 e6 3. g3 d5 4. Bg2 Be7 5. O-O O-O 6. c4 dxc4 7. Qa4 a6 8. Qxc4
b5 9. Qc2 Bb7 10. Bg5 h6 11. Bxf6 Bxf6 12. Rd1 Nd7 13. Nbd2 c5 14. dxc5 Rc8 15.
Nb3 Qc7 16. Rac1 Bd5 17. Nfd2 Nb6 18. Bxd5 exd5 19. Nf3 Na4 20. Nfd4 Bxd4 21.
Rxd4 Qe5 22. Qd2 Rc6 23. Rc2 Rfc8 24. Rxd5 Qe7 25. Qd4 Nb6 26. Rd6 Nc4 27. Rxc6
Rxc6 28. Nc1 Re6 29. b3 Re4 30. Qd5 Na3 31. Rd2 Kh7 32. c6 Nb1 33. Rc2 Re5 34.
Qd3+ g6 35. c7 1-0

[Event "Open Semana Santa 2023"]
[Site "?"]
[Date "2023.04.06"]
[Round "2.43"]
[White "Pham Guerrero, Sergi"]
[Black "IM Cruz Lledo, Pablo"]
[Result "0-1"]
[WhiteElo "2069"]
[BlackElo "2395"]
[Annotator "Usuario"]
[PlyCount "83"]

1. e4 c6 2. d4 d5 3. e5 Bf5 4. h4 Qc7 5. Bd3 Bxd3 6. Qxd3 e6 7. Be3 c5 8. c3
Nc6 9. a3 c4 10. Qe2 O-O-O 11. Nd2 Nge7 12. Nh3 Nf5 13. O-O Re8 14. b3 cxb3 15.
Nxb3 f6 16. c4 dxc4 17. Qxc4 fxe5 18. d5 exd5 19. Qxd5 $11 Be7 20. Rfc1 Nxe3
21. fxe3 Kb8 22. Rab1 Bxa3 23. Nc5 Bxc5 24. Rxc5 Ka8 25. Rcb5 Rb8 26. Ng5 Rhe8
27. Ne6 Qc8 28. Nc5 b6 29. Nd3 Qe6 30. Qe4 Qg6 31. Qc4 Red8 32. Nf2 Rbc8 33.
Qa2 Na5 34. Qe2 Nc4 35. Rc1 Qe6 36. Rb4 Na5 37. Qf3+ Kb8 38. Ra1 Nb3 39. Ra3
Rc1+ 40. Kh2 Nd2 41. Qg4 Qd6 42. Ne4 0-1

[Event "Open Semana Santa 2023"]
[Site "?"]
[Date "2023.04.06"]
[Round "2.44"]
[White "FM Macias Pino, Diego"]
[Black "WFM Jimenez Fernandez, Rebeca"]
[Result "1-0"]
[WhiteElo "2395"]
[BlackElo "2053"]
[PlyCount "77"]

1. e4 c5 2. Nf3 d6 3. d4 cxd4 4. Nxd4 Nf6 5. Nc3 g6 6. Be3 Bg7 7. f3 O-O 8. Qd2
Nc6 9. Bc4 Bd7 10. O-O-O Rc8 11. Nxc6 Bxc6 12. Bb3 b5 13. Bxa7 Qa5 14. Bd4 b4
15. Nd5 Nxd5 16. Bxg7 Kxg7 17. exd5 Ba4 18. c4 Rc5 19. Rhe1 Rc7 20. h4 Rfc8 21.
Kb1 Bxb3 22. axb3 Ra8 23. Qd4+ Kg8 24. h5 Qa7 25. Qh4 Qa2+ 26. Kc2 Rac8 27. Rd4
Qa7 28. hxg6 fxg6 29. Rh1 e5 30. dxe6 Qc5 31. Qe4 Re8 32. Rhd1 Rce7 33. Rxd6
Qg5 34. g4 Qf6 35. Re1 Ra7 36. f4 Ra2 37. Qe5 Qh4 38. Rd7 Re7 39. Rd8+ 1-0

[Event "Open Semana Santa 2023"]
[Site "?"]
[Date "2023.04.06"]
[Round "2.45"]
[White "Andries, Alf"]
[Black "IM Tejedor Fuente, Enrique"]
[Result "0-1"]
[WhiteElo "2067"]
[BlackElo "2390"]
[PlyCount "136"]

1. e4 c5 2. c3 Nf6 3. e5 Nd5 4. d4 cxd4 5. Nf3 Nc6 6. Bc4 Nb6 7. Bb3 d5 8. exd6
Qxd6 9. O-O Be6 10. Na3 Bxb3 11. Qxb3 Qd5 12. Nb5 Rc8 13. Nbxd4 e6 14. Rd1 Qxb3
15. axb3 Nxd4 16. Nxd4 a6 17. Be3 Nd5 18. Nc2 Be7 19. Bd4 O-O 20. Ne3 Rfd8 21.
Nxd5 Rxd5 22. c4 Rd6 23. Be5 Rdd8 24. Kf1 f6 25. Bc3 Kf7 26. Ba5 Rd6 27. Ke2
Rc5 28. Rxd6 Bxd6 29. Bc3 Ke7 30. g4 h6 31. h4 h5 32. Rg1 hxg4 33. Rxg4 Kf7 34.
Rd4 Rc6 35. b4 Bf8 36. b3 Ke8 37. c5 b6 38. cxb6 Rxb6 39. f4 Bd6 40. Kf3 Ke7
41. Rc4 Kd7 42. h5 Rb5 43. Kg4 Rd5 44. Bd4 Bc7 45. Bc3 Bb6 46. h6 gxh6 47. Bxf6
h5+ 48. Kh4 Bf2+ 49. Kh3 Rd3+ 50. Kg2 Bb6 51. Rc3 Rxc3 52. Bxc3 Kd6 53. Kf3 Kd5
54. Be1 Bd4 55. Bd2 Bf6 56. Be3 Be7 57. Bd2 Kd4 58. Be3+ Kd3 59. Bc5 Bf6 60.
Bd6 Kd4 61. Bc5+ Kc3 62. Ke4 h4 63. f5 e5 64. Kd5 h3 65. Bg1 Kd3 66. Ke6 Bh8
67. f6 Bxf6 68. Kxf6 e4 0-1

[Event "Open Semana Santa 2023"]
[Site "?"]
[Date "2023.04.06"]
[Round "2.46"]
[White "Moreno Alcaraz, Jose Javier"]
[Black "IM Ajay Krishna, S."]
[Result "0-1"]
[WhiteElo "2060"]
[BlackElo "2382"]
[PlyCount "98"]

1. e4 c5 2. Nf3 d6 3. d4 cxd4 4. Nxd4 Nf6 5. Nc3 a6 6. Bg5 e6 7. f4 Qc7 8. Qf3
Nc6 9. O-O-O Bd7 10. Nb3 Be7 11. Bd3 O-O-O 12. Rhe1 h6 13. Bh4 g5 14. Bg3 gxf4
15. Bxf4 Rdg8 16. h3 h5 17. Qf2 Be8 18. Bf1 Nd7 19. Kb1 Nde5 20. g3 Kb8 21. Be3
Rh7 22. Be2 Bd8 23. Rg1 Ne7 24. Rd2 Nc8 25. Rd4 Nc6 26. Rdd1 Rg6 27. Nd4 Bf6
28. Nxc6+ Bxc6 29. Bd4 Bxd4 30. Qxd4 Qa5 31. Rdf1 Qe5 32. Qe3 f5 33. Qf4 fxe4
34. Qxe5 dxe5 35. Kc1 Ne7 36. g4 Rhg7 37. Kd2 Nf5 38. Ke1 Nd4 39. Rf8+ Ka7 40.
Bd1 Nf3+ 41. Bxf3 exf3 42. Nd1 hxg4 43. hxg4 Rxg4 44. Rxg4 Rxg4 45. Ne3 Rh4 46.
Rf6 Rh2 47. Kf1 Re2 48. Ng4 Bb5 49. Kg1 Rg2+ 0-1

[Event "Open Semana Santa 2023"]
[Site "?"]
[Date "2023.04.06"]
[Round "2.47"]
[White "Exposito Milan, Adrian"]
[Black "IM Garrido Outon, Alex"]
[Result "1/2-1/2"]
[WhiteElo "2053"]
[BlackElo "2379"]
[Annotator "Usuario"]
[PlyCount "115"]

1. d4 Nf6 2. Nf3 e6 3. c4 d5 4. g3 Be7 5. Bg2 O-O 6. O-O c6 7. Qc2 b6 8. b3
Nbd7 9. Rd1 Bb7 10. Nc3 Qe8 11. e4 Nxe4 12. Nxe4 dxe4 13. Qxe4 c5 14. Qe2 Bf6
15. Bb2 Rd8 16. Rd2 cxd4 17. Bxd4 e5 18. Bb2 e4 19. Nd4 Nc5 20. Nb5 Bxb2 21.
Rxd8 $11 Qxd8 22. Qxb2 Qd3 23. Nc3 e3 24. Bxb7 Nxb7 25. Rd1 exf2+ 26. Kxf2 Nc5
27. Qd2 Qf5+ 28. Kg2 Re8 29. Re1 Ne6 30. Nd5 h5 31. Nf4 h4 32. Nxe6 h3+ 33. Kg1
Rxe6 34. Rxe6 fxe6 35. Qe2 e5 36. Qf1 Qg4 37. Qd3 e4 38. Qd8+ Kf7 39. Qc7+ Kg6
40. Qd6+ Kh7 41. Qf4 Qd1+ 42. Kf2 Qc2+ 43. Ke3 Qd3+ 44. Kf2 Qd4+ 45. Ke2 Kg8
46. Qb8+ Kf7 47. Qf4+ Ke8 48. Qb8+ Kd7 49. Qb7+ Ke6 50. Qc8+ Kf7 51. Qf5+ Ke7
52. Qg5+ Ke6 53. Qg6+ Ke7 54. Qg5+ Kd6 55. Qd8+ Ke5 56. Qg5+ Ke6 57. Qg6+ Ke7
58. Qg5+ 1/2-1/2

[Event "Open Semana Santa 2023"]
[Site "?"]
[Date "2023.04.06"]
[Round "2.48"]
[White "Arroyo Rodriguez, Jesus"]
[Black "FM Davtyan, David Arm."]
[Result "0-1"]
[WhiteElo "2048"]
[BlackElo "2374"]
[PlyCount "50"]

1. e4 e6 2. d4 d5 3. Bd3 dxe4 4. Bxe4 Nf6 5. Bf3 c5 6. Ne2 Nc6 7. Be3 cxd4 8.
Nxd4 Ne5 9. Nc3 a6 10. Qe2 Nxf3+ 11. Qxf3 e5 12. Nf5 Qa5 13. g4 Bxf5 14. gxf5
Ba3 15. Qxb7 O-O 16. Rg1 Bxb2 17. Qxb2 Rab8 18. Qc1 Qxc3+ 19. Kf1 Qc4+ 20. Ke1
Ng4 21. f6 g6 22. f4 Nxh2 23. Qd1 Rfd8 24. Bd2 Qe4+ 25. Qe2 Nf3+ 0-1

[Event "Open Semana Santa 2023"]
[Site "?"]
[Date "2023.04.06"]
[Round "2.49"]
[White "GM Plaskett, H James"]
[Black "Navarro Martinez, Victor"]
[Result "1/2-1/2"]
[WhiteElo "2371"]
[BlackElo "2051"]
[Annotator "Usuario"]
[PlyCount "57"]

1. e4 e5 2. Nf3 Nc6 3. Bb5 a6 4. Ba4 Nf6 5. O-O b5 6. Bb3 Bb7 7. c3 Nxe4 8. d4
exd4 9. Re1 d5 10. Ng5 Qf6 11. Nxe4 dxe4 12. Rxe4+ $11 Ne5 13. Qxd4 Bxe4 14.
Qxe4 O-O-O 15. Be3 Bd6 16. Nd2 Kb8 17. a4 Qg6 18. axb5 Qxe4 19. Nxe4 axb5 20.
Bd4 f6 21. Bd5 c6 22. Bxe5 Bxe5 23. Bxc6 b4 24. Nc5 Kc7 25. Bf3 bxc3 26. Ne6+
Kb6 27. bxc3 Bxc3 28. Rb1+ Ka5 29. Nxd8 1/2-1/2

[Event "Open Semana Santa 2023"]
[Site "?"]
[Date "2023.04.06"]
[Round "2.50"]
[White "Cebrian Flores, Juan Antonio"]
[Black "IM Vega Gutierrez, Sabrina"]
[Result "0-1"]
[WhiteElo "2045"]
[BlackElo "2370"]
[PlyCount "46"]

1. d4 d5 2. c4 dxc4 3. Nf3 Nf6 4. e3 Bg4 5. Bxc4 e6 6. O-O Nc6 7. Be2 Bd6 8.
Nbd2 O-O 9. b3 Qe7 10. Bb2 Nd5 11. Nc4 f6 12. a3 Rad8 13. Nxd6 cxd6 14. b4 f5
15. Rc1 Rf6 16. g3 Qf7 17. Kg2 Qh5 18. h4 Rg6 19. Rh1 Rf8 20. Rc2 f4 21. e4
Ne3+ 22. fxe3 Bxf3+ 23. Bxf3 Rxg3+ 0-1

[Event "Open Semana Santa 2023"]
[Site "?"]
[Date "2023.04.06"]
[Round "2.51"]
[White "FM Carnicelli, Valerio"]
[Black "Dura Olmos, Gines Raul"]
[Result "1-0"]
[WhiteElo "2370"]
[BlackElo "2044"]
[PlyCount "69"]

1. e4 g6 2. d4 Bg7 3. Nc3 c5 4. dxc5 Bxc3+ 5. bxc3 Nf6 6. Bd3 Qa5 7. Ne2 Qxc5
8. O-O d6 9. Rb1 Nbd7 10. Be3 Qc7 11. f3 O-O 12. Qd2 b6 13. Bd4 Bb7 14. Qg5 e5
15. Bf2 d5 16. exd5 Bxd5 17. Rb4 Rfe8 18. Rh4 Rac8 19. c4 Bb7 20. Nc3 a6 21.
Be3 b5 22. Qh6 bxc4 23. Be4 Nf8 24. Bg5 Re6 25. Kh1 Rb8 26. Bxb7 Qxb7 27. Rxc4
Nd5 28. Rd1 Nxc3 29. Rxc3 f6 30. Be3 Qb2 31. Rb3 Rxb3 32. axb3 Kf7 33. Bc5 Re8
34. Bxf8 Rxf8 35. Qxh7+ 1-0

[Event "Open Semana Santa 2023"]
[Site "?"]
[Date "2023.04.06"]
[Round "2.52"]
[White "Lazaro Azcutia, Miguel"]
[Black "IM Vassallo Barroche, Mauricio"]
[Result "0-1"]
[WhiteElo "2042"]
[BlackElo "2361"]
[PlyCount "110"]
[EventDate "2023.??.??"]

1. e4 Nc6 2. Nf3 d6 3. d4 Nf6 4. Nc3 g6 5. Bg5 Bg7 6. Qd2 h6 7. Bf4 g5 8. Be3
Ng4 9. h3 Nxe3 10. fxe3 e6 11. g4 a6 12. Ne2 f5 13. exf5 exf5 14. gxf5 Bxf5 15.
Ng3 Bd7 16. O-O-O Qe7 17. Bd3 O-O-O 18. Nf5 Bxf5 19. Bxf5+ Kb8 20. Kb1 d5 21.
Qe2 Rhf8 22. Bd3 Rde8 23. Rde1 Qd6 24. Qg2 Nb4 25. Bh7 Rh8 26. Bf5 Ref8 27. e4
Qb6 28. Qd2 Nc6 29. c3 Ne7 30. Qc2 Nxf5 31. exf5 Qf6 32. Ne5 Qxf5 33. Ng6 Qxc2+
34. Kxc2 Rf2+ 35. Kb3 Rd8 36. Re7 Bf6 37. Re6 Rg8 38. Ne5 Bxe5 39. dxe5 h5 40.
Rh6 Re8 41. Re1 h4 42. Re3 c5 43. e6 Rf5 44. Rg6 Re7 45. Ka3 Kc7 46. Re1 Kd6
47. Re3 b5 48. Kb3 d4 49. cxd4 cxd4 50. Re1 Kd5 51. Kb4 Kd6 52. Ka5 d3 53. Rd1
Rd5 54. Kxa6 Kc5 55. Rf6 Rd6+ 0-1

[Event "Open Semana Santa 2023"]
[Site "?"]
[Date "2023.04.06"]
[Round "2.53"]
[White "IM Chueca Forcen, Alberto"]
[Black "Martinez Ramos, Paula"]
[Result "1/2-1/2"]
[WhiteElo "2359"]
[BlackElo "2042"]
[Annotator "Usuario"]
[PlyCount "56"]

1. Nf3 Nf6 2. c4 e6 3. e3 b6 4. b3 Bb7 5. Bb2 Be7 6. d4 O-O 7. Bd3 d5 8. Nbd2
c5 9. O-O cxd4 10. Nxd4 Nc6 11. Qe2 Nxd4 12. Bxd4 Rc8 13. Rfd1 Bc5 14. Bb2 Qe7
15. cxd5 exd5 16. Nf3 Ne4 17. Nd4 g6 18. Ba6 Bxd4 19. Bxd4 Bxa6 20. Qxa6 Rc2
21. f3 Qh4 22. Qf1 Rf2 23. Qe1 $11 Qg5 24. Qxf2 Nxf2 25. Kxf2 Rc8 26. Rac1 Qf5
27. Rxc8+ Qxc8 28. Rd2 Qc1 $11 1/2-1/2

[Event "Open Semana Santa 2023"]
[Site "?"]
[Date "2023.04.06"]
[Round "2.54"]
[White "Houhou, Alexandre"]
[Black "IM Suarez Uriel, Adrian"]
[Result "0-1"]
[WhiteElo "2038"]
[BlackElo "2356"]
[PlyCount "60"]
[EventDate "2023.??.??"]

1. e4 c5 2. Nf3 d6 3. d4 cxd4 4. Nxd4 Nf6 5. Nc3 a6 6. f3 e5 7. Nb3 Be6 8. Be3
Be7 9. Qd2 h5 10. Nd5 Nxd5 11. exd5 Bf5 12. Be2 a5 13. a4 Bh4+ 14. g3 Be7 15.
Bd3 Bh3 16. c4 b6 17. Qf2 Nd7 18. Qc2 Bg5 19. f4 exf4 20. gxf4 Bh4+ 21. Ke2 Bf6
22. Rad1 O-O 23. Rhg1 Nc5 24. Nd4 Re8 25. Nc6 Qd7 26. Bh7+ Kh8 27. Nd4 Rxe3+
28. Kxe3 Re8+ 29. Kf2 Qe7 30. Nf5 Ne4+ 0-1

[Event "Open Semana Santa 2023"]
[Site "?"]
[Date "2023.04.06"]
[Round "2.55"]
[White "GM Campora, Daniel H"]
[Black "Aymerich Rosell, Pablo"]
[Result "1-0"]
[WhiteElo "2348"]
[BlackElo "2037"]
[PlyCount "133"]
[EventDate "2023.??.??"]

1. e4 c5 2. Nf3 Nc6 3. Bb5 Nf6 4. Bxc6 dxc6 5. d3 Bg4 6. Nbd2 Qc7 7. O-O e5 8.
h3 Bh5 9. a4 Bd6 10. Nc4 O-O 11. g4 Bg6 12. Nh4 b5 13. Ne3 Rfd8 14. Qe2 Nd7 15.
axb5 cxb5 16. Nd5 Qb7 17. c4 bxc4 18. dxc4 Nf8 19. Ra3 Ne6 20. Nf5 Nd4 21. Qd1
a5 22. h4 Bxf5 23. gxf5 f6 24. Rg3 Kh8 25. Kh1 Qa6 26. Rfg1 Ra7 27. Bh6 Bf8 28.
Qh5 Qxc4 29. R1g2 Ne2 30. Re3 Qc1+ 31. Kh2 Nf4 32. Nxf4 exf4 33. Bxf4 Qd1 34.
Qxd1 Rxd1 35. Rb3 Kg8 36. Rb8 Kf7 37. f3 Bd6 38. Bxd6 Rxd6 39. Rc8 Rd3 40. Rf2
a4 41. Rxc5 a3 42. bxa3 Rdxa3 43. Kg3 Ra2 44. Rxa2 Rxa2 45. Rc7+ Kg8 46. h5 h6
47. Rc1 Re2 48. Ra1 Kf7 49. Ra4 Re1 50. f4 Rh1 51. e5 fxe5 52. fxe5 Rxh5 53.
Ra7+ Kf8 54. Kg4 Rh1 55. Kf4 Re1 56. Rc7 Re2 57. Rc8+ Ke7 58. e6 Rf2+ 59. Ke4
Re2+ 60. Kf3 Ra2 61. Rg8 Ra3+ 62. Kg4 Ra4+ 63. Kh5 Ra1 64. Rxg7+ Kf8 65. f6
Rh1+ 66. Kg6 Rg1+ 67. Kh7 1-0

[Event "Open Semana Santa 2023"]
[Site "?"]
[Date "2023.04.06"]
[Round "2.56"]
[White "Gonzalvez Tamarit, Ruben"]
[Black "FM Martins, Bruno Andre Leite"]
[Result "0-1"]
[WhiteElo "2028"]
[BlackElo "2348"]
[PlyCount "112"]
[EventDate "2023.??.??"]

1. e4 c6 2. d4 d5 3. Nc3 dxe4 4. Nxe4 Nf6 5. Ng3 h5 6. h4 c5 7. Nf3 Nc6 8. Be3
Bg4 9. c3 cxd4 10. cxd4 e6 11. a3 Nd5 12. Qd2 Be7 13. Ng5 Nxe3 14. Qxe3 Nxd4
15. Bd3 Qa5+ 16. Kf1 Rd8 17. f3 Nf5 18. Nxf5 Bxf5 19. Ne4 O-O 20. Ke2 Qe5 21.
Rab1 Rd4 22. Rhd1 Rfd8 23. Rd2 Bg6 24. b4 b6 25. Rdd1 a5 26. bxa5 Qxa5 27. Bc2
Qa6+ 28. Kf2 Rxd1 29. Rxd1 Rxd1 30. Bxd1 f5 31. Qb3 Bf7 32. Ng5 Bxa3 33. f4
Bc5+ 34. Kg3 Qf1 35. Qf3 Qxf3+ 36. Bxf3 Bg6 37. Nxe6 Kf7 38. Bd5 Kf6 39. Ng5
Ke7 40. Kf3 Be8 41. Ke2 Bb5+ 42. Kf3 Bd4 43. Bf7 Bc6+ 44. Kg3 Be8 45. Bb3 Bf6
46. Nf3 Bf7 47. Bc2 g6 48. Ne5 Bxe5 49. fxe5 b5 50. Kf4 Bd5 51. g3 b4 52. Kg5
Kf7 53. Bd3 b3 54. Be2 b2 55. Bd3 Kg7 56. e6 Bxe6 0-1

[Event "Open Semana Santa 2023"]
[Site "?"]
[Date "2023.04.06"]
[Round "2.57"]
[White "Sperat Czar, Nicolas"]
[Black "WIM Kamalidenova, Meruert"]
[Result "0-1"]
[WhiteElo "2027"]
[BlackElo "2342"]
[PlyCount "72"]
[EventDate "2023.??.??"]

1. e4 c5 2. Nf3 Nc6 3. d4 cxd4 4. Nxd4 Nf6 5. Nc3 d6 6. Bg5 e6 7. Qd3 Bd7 8.
Ndb5 Nb4 9. Qd1 a6 10. a3 Nxc2+ 11. Qxc2 axb5 12. Bxf6 gxf6 13. Bxb5 Bc6 14.
O-O-O Qa5 15. Qb3 Be7 16. f4 O-O 17. Kb1 Qb6 18. f5 Ra5 19. a4 Bxb5 20. axb5
Rfa8 21. Rhf1 e5 22. Qc4 Kf8 23. Kc2 Qd8 24. Rf3 Rc8 25. Qd3 Qb6 26. Kb1 Qa7
27. Kc2 Ra4 28. Rh3 Rd4 29. Qe2 d5 30. exd5 Qa2 31. Rxh7 Rxc3+ 32. Kxc3 Bb4+
33. Kc2 Rc4+ 34. Qxc4 Qxc4+ 35. Kb1 Qe4+ 36. Ka1 Qc2 0-1

[Event "Open Semana Santa 2023"]
[Site "?"]
[Date "2023.04.06"]
[Round "2.58"]
[White "IM Cruz, Jonathan"]
[Black "Fuentes Guinot, Alejandro"]
[Result "1-0"]
[WhiteElo "2340"]
[BlackElo "2027"]
[PlyCount "73"]

1. Nf3 d5 2. b3 Nf6 3. Bb2 e6 4. c4 b6 5. g3 Bb7 6. Bg2 Be7 7. cxd5 Bxd5 8. Nc3
Bb7 9. b4 O-O 10. b5 Nbd7 11. O-O Nd5 12. Nxd5 Bxd5 13. Qc2 a6 14. a4 Nc5 15.
d4 Nb3 16. Rab1 Na5 17. Rfc1 c5 18. bxc6 Nxc6 19. e4 Nb4 20. Qe2 Bb7 21. Ne5 a5
22. d5 Ba6 23. Qg4 f5 24. exf5 exf5 25. Qf3 Bd6 26. Nc6 Qd7 27. Nxb4 axb4 28.
Rc6 b5 29. Qd3 Rfb8 30. Bh3 Rf8 31. axb5 Bb7 32. Re1 Bxc6 33. dxc6 Qc7 34. b6
Qxc6 35. Bg2 Qxb6 36. Bxa8 Rxa8 37. Qd5+ 1-0

[Event "Open Semana Santa 2023"]
[Site "?"]
[Date "2023.04.06"]
[Round "2.59"]
[White "Cuadrado Carmona, Javier"]
[Black "IM Lammers, Markus"]
[Result "0-1"]
[WhiteElo "2023"]
[BlackElo "2338"]
[Annotator "Usuario"]
[PlyCount "114"]

1. e4 Nc6 2. Nf3 f5 3. exf5 d5 4. Bb5 Bxf5 5. Ne5 a6 6. Nxc6 Qd7 7. Nd4 axb5 8.
Qe2 c6 9. b3 g6 10. Nxf5 Qxf5 11. Bb2 Nf6 12. d3 Bg7 13. Nd2 O-O 14. O-O Rae8
15. f4 Nh5 16. Bxg7 Kxg7 17. g3 e5 18. fxe5 Rxe5 19. Qf2 Qxf2+ 20. Rxf2 Rxf2
21. Kxf2 Nf6 22. h3 Kf7 23. a4 bxa4 24. Rxa4 Re7 25. Nf3 Ke6 26. Ra7 Kd6 27. b4
Nh5 28. Nd4 Rf7+ 29. Kg2 Ng7 30. g4 Ne8 31. Nb3 Ke5 32. c4 dxc4 33. dxc4 Nd6
34. Na5 Kd4 35. c5 Nb5 36. Rxb7 Rxb7 37. Nxb7 Na7 38. Na5 Kc3 39. Nxc6 Nxc6 40.
b5 Nd4 41. b6 Kc4 42. b7 Nc6 43. Kf3 Kd5 44. Kf4 h6 45. h4 Ke6 46. h5 g5+ 47.
Ke4 Ke7 48. Kd5 Kd7 49. Ke4 Ke6 50. Kd3 Kd5 51. Ke3 Nb8 52. Kd3 $11 Nd7 53. c6
Ne5+ 54. Ke3 Nxc6 55. Kd3 Ne5+ 56. Ke3 Nd7 57. Kd3 Nc5+ 0-1